000 00320nam a2200133 a 4500
008 980908s1972||||xx 0 und c
040 _aSNK
_bslo
_cSNK
_eAACR2
245 1 0 _aStručný životopis V.I. Lenina
260 _aBratislava
_bPravda
_c1972
300 _a162 s.
044 _axo
_cSK
041 _aslo
020 _c12
999 _c15506
_d15506